Catalog

Record Details

Catalog Search



Available copies

  • 3 of 3 copies available at LARL/NWRL Consortium.
  • 2 of 2 copies available at Northwest Regional Library. (Show preferred library)

Current holds

0 current holds with 3 total copies.

Show Only Available Copies
Location Call Number / Copy Notes Barcode Shelving Location Status Due Date
Godel Memorial-Warren Library PER (Text) 35500003217401 Main Available -
Thief River Falls Public Library PER (Text) 35500003217526 Main Available -
Moorhead Public Library M Per (Text) 33500007309321 Main Available -

Record details

  • ISBN: 0345440056
  • Physical Description: 337 p. ; 25 cm.
  • Edition: 1st ed.
  • Publisher: New York : Ballantine Books, 2002.
Subject: Adult Mystery
Monk, William (Fictitious character) > Fiction.
Private investigators > England > London > Fiction.
London (England) > Fiction.
Genre: Historical fiction.
Mystery fiction.
LDR 01351cam a22003498a 4500
00142966
003LARL_NWRL_CONSORTIUM
00520020523191609.0
008020430s2002 nyu 000 1 eng
020 . ‡a0345440056
035 . ‡a(OCoLC)49743622
08200. ‡a823/.914 ‡221
099 . ‡aPer
1001 . ‡aPerry, Anne. ‡0(LARL_NWRL_CONSORTIUM)135672
24510. ‡aDeath of a stranger ‡n#13/ ‡cAnne Perry.
250 . ‡a1st ed.
260 . ‡aNew York : ‡bBallantine Books, ‡c2002.
300 . ‡a337 p. ; ‡c25 cm.
4900 . ‡aInspector William Monk ; ‡v13
650 . ‡aAdult Mystery
650 0. ‡aMonk, William (Fictitious character) ‡vFiction. ‡0(LARL_NWRL_CONSORTIUM)173453
650 0. ‡aPrivate investigators ‡zEngland ‡zLondon ‡vFiction. ‡0(LARL_NWRL_CONSORTIUM)166945
651 0. ‡aLondon (England) ‡vFiction. ‡0(LARL_NWRL_CONSORTIUM)165879
655 7. ‡aHistorical fiction. ‡2gsafd
655 7. ‡aMystery fiction. ‡2gsafd
901 . ‡a42966 ‡bOCLC ‡c42966 ‡tbiblio

Additional Resources